000 01784cam a22001934a 4500
005 20250605164109.0
008 250528s ||||||||||||||||||||||||d
035 _a17819
020 _a9789604670635
040 _aGR-AtMCL
_bgre
_dGR-AtMCL
_eAACR2
245 1 _aΣύγχρονες Διαστάσεις του Διδακτικού Έργου και Πόλου του Εκπαιδευτικού: Όρια και Δυνατότητες
260 _bΑδελφών Κυριακίδη Α.Ε,
_c2014
300 _a362
520 _aΤο παρόν βιβλίο δεν στοχεύει στην παροχή διδακτικών δυνατοτήτων, αλλά στον ευρήτερο προβληματισμό προς το ''διδακτικώς πράττειν'' του σύγχρονου εκπαιδευτικού. Πρόλογος, Εισαγωγή, Διαχρονική - Εξελικτική Προσέγγιση του Ρόλου του Εκπαιδευτικού, Οριοθέτηση και Προσανατολισμός του Σύγχρονου Ρόλου του Εκπαιδευτικού, Επιστημολογική Θεώρηση του Εκπαιδευτικού Έργου και Ρόλου με Έμφαση στη Διδακτική του Διάσταση, Διαστάσεις του Διδακτικού Ρόλου του Εκπαιδευτικού, Ο Διδακτικός Ρόλος του Εκπαιδευτικου: Εκφάνσεις και Συγκρούσεις, Επισκόπηση Ερευνών Σχετικά με την Εξέλιξη του Διδακτικού Ρόλου του Εκπαιδευτικού, Βιβλιογραφία.
700 1 _aΦύκαρης Ιωάννης
_94089
942 _cBK
999 _c3219
_d3219